[Event "Rottach Egern Seniors Cup 12th"]
[Site "Rottach Egern"]
[Date "2024.04.09"]
[Round "4"]
[White "Schoknecht, Sabine"]
[Black "De Polzer, Manfredi"]
[Result "0-1"]
[WhiteElo "1843"]
[BlackElo "1639"]
[PlyCount "56"]
[EventDate "2024.04.06"]
[EventType "swiss"]
[EventRounds "9"]
[EventCountry "GER"]
[SourceTitle "CB16_2024"]
[SourceDate "2024.04.17"]
[SourceVersion "1"]
[SourceVersionDate "2024.04.17"]
[SourceQuality "1"]

1. b3 d6 2. Bb2 e5 3. e3 Nf6 4. Be2 Be7 5. Nc3 c6 6. Nf3 0-0 7. h4 e4 8. Nh2 d5 9. g4 Ne8 10. g5 f5 11. gxf6 Bxf6 12. h5 h6 13. d3 Bh4 14. Qd2 Bxf2+ 15. Kd1 Qg5 16. Nf1 Qg2 17. Rh2 Qg1 18. Rxf2 Rxf2 19. Qe1 Bg4 20. Kd2 Nf6 21. Rd1 exd3 22. cxd3 Nbd7 23. Kc2 d4 24. exd4 Re8 25. Nd2 Qxe1 26. Rxe1 Bxe2 27. Nde4 Bxd3+ 28. Kxd3 Rxb2 0-1

[Event "Rottach Egern Seniors Cup 12th"]
[Site "Rottach Egern"]
[Date "2024.04.07"]
[Round "2"]
[White "Schoknecht, Sabine"]
[Black "Scheugenpflug, Klaus"]
[Result "1-0"]
[WhiteElo "1843"]
[BlackElo "1682"]
[PlyCount "41"]
[EventDate "2024.04.06"]
[EventType "swiss"]
[EventRounds "9"]
[EventCountry "GER"]
[SourceTitle "CB16_2024"]
[SourceDate "2024.04.17"]
[SourceVersion "1"]
[SourceVersionDate "2024.04.17"]
[SourceQuality "1"]

1. b3 e5 2. Bb2 Nc6 3. e3 Bc5 4. Be2 Nf6 5. Nc3 a6 6. Nf3 0-0 7. Na4 Ba7 8. Nxe5 Nxe5 9. Bxe5 d6 10. Bb2 b5 11. Bf3 Rb8 12. Nc3 Bb7 13. Bxb7 Rxb7 14. g4 h6 15. h4 Re8 16. g5 hxg5 17. hxg5 Ne4 18. Qh5 Kf8 19. Nd5 f6 20. gxf6 gxf6 21. Qg6 1-0

[Event "Rheinland Pfalz Seniors op"]
[Site "Altenkirchen"]
[Date "2023.09.13"]
[Round "9"]
[White "Schoknecht, Sabine"]
[Black "Bachmann, Rolf"]
[Result "1-0"]
[WhiteElo "1655"]
[BlackElo "1849"]
[PlyCount "55"]
[EventDate "2023.09.05"]
[EventType "swiss"]
[EventRounds "9"]
[EventCountry "GER"]
[SourceTitle "EXT 2024"]
[Source "ChessBase"]
[SourceDate "2023.10.10"]
[SourceVersion "1"]
[SourceVersionDate "2023.10.10"]
[SourceQuality "1"]

1. b3 Nf6 2. Bb2 d5 3. e3 e6 4. Be2 c5 5. d3 Nc6 6. Nd2 Bd6 7. Ngf3 0-0 8. h4 Re8 9. Ng5 h6 10. Nh3 e5 11. g4 e4 12. g5 exd3 13. gxf6 dxe2 14. Qxe2 Ne5 15. Nf4 Qxf6 16. 0-0-0 Be6 17. Rdg1 Qf5 18. Rg2 Kh7 19. Rhg1 g6 20. Qd1 Red8 21. Ne2 Qh5 22. Nf4 Qxd1+ 23. Kxd1 Rg8 24. Ne2 a5 25. f4 Nc6 26. Nf3 a4 27. Rh1 axb3 28. Ng5+ 1-0

[Event "Rheinland Pfalz Seniors op"]
[Site "Altenkirchen"]
[Date "2023.09.09"]
[Round "5"]
[White "Schoknecht, Sabine"]
[Black "Fournell, Udo"]
[Result "0-1"]
[WhiteElo "1655"]
[BlackElo "1894"]
[PlyCount "36"]
[EventDate "2023.09.05"]
[EventType "swiss"]
[EventRounds "9"]
[EventCountry "GER"]
[SourceTitle "EXT 2024"]
[Source "ChessBase"]
[SourceDate "2023.10.10"]
[SourceVersion "1"]
[SourceVersionDate "2023.10.10"]
[SourceQuality "1"]

1. b3 b6 2. Bb2 Bb7 3. e3 e6 4. Be2 Bxg2 5. Bf3 Bxh1 6. Bxh1 d5 7. d3 Nf6 8. Nd2 Be7 9. Ne2 c5 10. Nf3 Nbd7 11. Qd2 Qc7 12. Ng3 Bd6 13. e4 Bf4 14. Qe2 0-0-0 15. d4 c4 16. e5 Ne8 17. Ba3 cxb3 18. axb3 Qc3+ 0-1

[Event "Rheinland Pfalz Seniors op"]
[Site "Altenkirchen"]
[Date "2023.09.07"]
[Round "3"]
[White "Schoknecht, Sabine"]
[Black "Walther, Renate"]
[Result "1-0"]
[WhiteElo "1655"]
[BlackElo "1260"]
[PlyCount "89"]
[EventDate "2023.09.05"]
[EventType "swiss"]
[EventRounds "9"]
[EventCountry "GER"]
[SourceTitle "EXT 2024"]
[Source "ChessBase"]
[SourceDate "2023.10.10"]
[SourceVersion "1"]
[SourceVersionDate "2023.10.10"]
[SourceQuality "1"]

1. e4 e5 2. Be2 Nf6 3. d3 Nc6 4. Nf3 b6 5. b3 h6 6. Bb2 d6 7. Nbd2 b5 8. Nf1 Be7 9. Ne3 Be6 10. c4 a6 11. Nd5 Nh7 12. Rc1 Bd7 13. c5 0-0 14. Rc2 a5 15. a3 b4 16. a4 Nf6 17. Nxe7+ Qxe7 18. cxd6 Qxd6 19. h3 Nd4 20. Nxd4 exd4 21. Qc1 Rac8 22. Rc5 Qe6 23. Bd1 Qb6 24. 0-0 Qd6 25. Qc4 Be6 26. Qxd4 Rfd8 27. Qxd6 Rxd6 28. e5 Rxd3 29. exf6 g6 30. Bc1 Kh7 31. Re1 Bxb3 32. Bxb3 Rxb3 33. Rxa5 Rc3 34. Bd2 Rc4 35. Rb5 c5 36. Rb7 g5 37. Ra1 Ra8 38. a5 Rc2 39. Be3 Rc4 40. a6 b3 41. Rxb3 Rb4 42. Rxb4 cxb4 43. a7 b3 44. Rb1 Kg6 45. Rxb3 1-0

[Event "Rheinland Pfalz Seniors op"]
[Site "Altenkirchen"]
[Date "2023.09.06"]
[Round "2"]
[White "Kuhn, Andreas2222"]
[Black "Schoknecht, Sabine"]
[Result "1-0"]
[WhiteElo "1849"]
[BlackElo "1655"]
[PlyCount "77"]
[EventDate "2023.09.05"]
[EventType "swiss"]
[EventRounds "9"]
[EventCountry "GER"]
[SourceTitle "EXT 2024"]
[Source "ChessBase"]
[SourceDate "2023.10.10"]
[SourceVersion "1"]
[SourceVersionDate "2023.10.10"]
[SourceQuality "1"]

1. d4 b6 2. c4 Bb7 3. Nc3 d6 4. e4 Nd7 5. Bd3 e6 6. Be3 Be7 7. f4 h6 8. Nge2 Ngf6 9. Ng3 Nh7 10. Qe2 Bh4 11. 0-0-0 Bxg3 12. hxg3 c6 13. g4 Qc7 14. g5 hxg5 15. fxg5 g6 16. Qf2 Ndf8 17. Rdf1 Qe7 18. Rh3 Rg8 19. c5 Rd8 20. cxb6 axb6 21. d5 c5 22. Bb5+ Rd7 23. Bxd7+ Qxd7 24. Rf3 Rg7 25. Qg3 Qe7 26. e5 exd5 27. exd6 Qd7 28. Qe5+ Ne6 29. Nxd5 Bxd5 30. Qxd5 Nhf8 31. Bd2 Rh7 32. Ra3 Nd8 33. Re1+ Nfe6 34. Bc3 Kf8 35. Ra8 Nf4 36. Qe4 Nfe6 37. Bf6 Qxd6 38. Bxd8 Nxd8 39. Qe8+ 1-0

[Event "Rheinland Pfalz Seniors op"]
[Site "Altenkirchen"]
[Date "2023.09.05"]
[Round "1"]
[White "Schoknecht, Sabine"]
[Black "Weber, Thomas"]
[Result "0-1"]
[WhiteElo "1655"]
[BlackElo "1974"]
[PlyCount "66"]
[EventDate "2023.09.05"]
[EventType "swiss"]
[EventRounds "9"]
[EventCountry "GER"]
[SourceTitle "EXT 2024"]
[Source "ChessBase"]
[SourceDate "2023.10.10"]
[SourceVersion "1"]
[SourceVersionDate "2023.10.10"]
[SourceQuality "1"]

1. b3 f5 2. Bb2 e6 3. e3 Nf6 4. Be2 Be7 5. d3 0-0 6. Nd2 d6 7. Ngf3 e5 8. h3 Nc6 9. Nh2 d5 10. g4 f4 11. exf4 exf4 12. a3 Bd6 13. Ndf3 Qe7 14. Qd2 Re8 15. Kf1 Qf7 16. Kg2 b6 17. Rae1 Bb7 18. h4 d4 19. Kg1 Rad8 20. Bf1 Rxe1 21. Qxe1 Re8 22. Qd2 Nxg4 23. Nxg4 Qg6 24. Bh3 h5 25. Ng5 hxg4 26. Bxg4 Ne5 27. f3 Nxg4 28. fxg4 Bxh1 29. Kxh1 c5 30. Qf2 Be7 31. Qxf4 Bxg5 32. hxg5 Qh7+ 33. Kg1 Qh4 0-1

[Event "Rottach Egern Seniors Cup 11th"]
[Site "Rottach Egern"]
[Date "2023.04.15"]
[Round "1"]
[White "Kaiser, Guenter"]
[Black "Schoknecht, Sabine"]
[Result "1-0"]
[WhiteElo "1963"]
[BlackElo "1622"]
[PlyCount "51"]
[EventDate "2023.04.15"]
[EventType "swiss"]
[EventRounds "9"]
[EventCountry "GER"]
[SourceTitle "EXT 2024"]
[Source "ChessBase"]
[SourceDate "2023.10.10"]
[SourceVersion "1"]
[SourceVersionDate "2023.10.10"]
[SourceQuality "1"]

1. b3 d5 2. Bb2 c6 3. d3 Bf5 4. Nd2 e6 5. e4 Bg6 6. Ngf3 Nd7 7. g3 Ngf6 8. e5 Ng4 9. Nh4 Nh6 10. Nxg6 hxg6 11. Bg2 Be7 12. Qe2 c5 13. c4 Nb6 14. 0-0 Qc7 15. cxd5 Nxd5 16. Rac1 Qd8 17. Ne4 Rc8 18. d4 a6 19. dxc5 Nf5 20. Nd6+ Bxd6 21. exd6 Kf8 22. Qd2 Nf6 23. Bxf6 gxf6 24. Bxb7 Rb8 25. Be4 Ng7 26. c6 1-0

[Event "Bad Wiessee Senioren Cup 8th"]
[Site "Bad Wiessee"]
[Date "2019.05.17"]
[Round "7"]
[White "Schoknecht, Sabine"]
[Black "Gousseinov, Aguif"]
[Result "1-0"]
[WhiteElo "1643"]
[BlackElo "1868"]
[PlyCount "85"]
[EventDate "2019.05.11"]
[EventType "swiss"]
[EventRounds "9"]
[EventCountry "GER"]
[SourceTitle "EXT 2020"]
[Source "ChessBase"]
[SourceDate "2019.10.17"]
[SourceVersion "1"]
[SourceVersionDate "2019.10.17"]
[SourceQuality "1"]

1. d4 Nf6 2. c3 d5 3. Bf4 c6 4. Qc2 e6 5. e3 Bd6 6. Bg3 Ne4 7. Be2 Nxg3 8. hxg3 h6 9. Nf3 Nd7 10. Nbd2 b6 11. Nh4 Qe7 12. a4 a5 13. f4 Ba6 14. Bg4 0-0-0 15. Be2 Bxe2 16. Kxe2 Kb7 17. Rhc1 g5 18. Nhf3 f6 19. Ne1 gxf4 20. gxf4 e5 21. f5 Rde8 22. Nf1 Rhg8 23. b4 axb4 24. cxb4 Nb8 25. b5 c5 26. a5 Nd7 27. Qa2 Qf7 28. dxc5 Nxc5 29. Rd1 Qh5+ 30. Kd2 Ne4+ 31. Kd3 Nc5+ 32. Kc3 Ne4+ 33. Kd3 Nc5+ 34. Kd2 Qf7 35. Kc1 Bc7 36. Rxd5 Rd8 37. Rxc5 Qxa2 38. Rxc7+ Kxc7 39. Rxa2 bxa5 40. Rxa5 Rg5 41. e4 Rd4 42. Nd2 Rxg2 43. Nxg2 1-0

[Event "Bad Wiessee Senioren Cup 8th"]
[Site "Bad Wiessee"]
[Date "2019.05.13"]
[Round "3"]
[White "Schoknecht, Sabine"]
[Black "Eschle, Hubert"]
[Result "1-0"]
[WhiteElo "1643"]
[BlackElo "1880"]
[PlyCount "55"]
[EventDate "2019.05.11"]
[EventType "swiss"]
[EventRounds "9"]
[EventCountry "GER"]
[SourceTitle "EXT 2020"]
[Source "ChessBase"]
[SourceDate "2019.10.17"]
[SourceVersion "1"]
[SourceVersionDate "2019.10.17"]
[SourceQuality "1"]

1. d4 f5 2. c3 Nf6 3. Bf4 d6 4. Nd2 g6 5. e3 Bg7 6. Be2 0-0 7. h4 h6 8. Qc2 Nbd7 9. g4 e5 10. Bxh6 Bxh6 11. g5 Bxg5 12. hxg5 Nh7 13. f4 e4 14. Bc4+ Kh8 15. Qb3 Qe8 16. 0-0-0 Nb6 17. Rh6 Bd7 18. Qc2 d5 19. Bb3 a5 20. a3 Bb5 21. Nb1 Kg7 22. Qh2 Rh8 23. Ne2 Nd7 24. Bxd5 Bd3 25. Ng3 Ndf8 26. Bb3 b5 27. Rh1 Qd7 28. Rxg6+ 1-0

[Event "Lueneburg op-A"]
[Site "Lueneburg"]
[Date "2016.07.05"]
[Round "6"]
[White "Schoknecht, Sabine"]
[Black "Moenster, Madita"]
[Result "0-1"]
[WhiteElo "1654"]
[BlackElo "1846"]
[PlyCount "52"]
[EventDate "2016.07.01"]
[EventType "swiss"]
[EventRounds "9"]
[EventCountry "GER"]
[SourceTitle "CBM 173 Extra"]
[Source "ChessBase"]
[SourceDate "2016.08.29"]
[SourceVersion "1"]
[SourceVersionDate "2016.08.29"]
[SourceQuality "1"]

1. d4 Nf6 2. c3 d5 3. Qc2 c5 4. Bf4 Nc6 5. e3 g6 6. Be2 Bf5 7. Qd1 Qb6 8. Qc1 Rc8 9. dxc5 Qxc5 10. Nf3 Nb4 11. Nd4 Nd3+ 12. Bxd3 Bxd3 13. Nd2 Bg7 14. Be5 0-0 15. Qd1 Qb6 16. N2b3 Bc4 17. Qf3 Ne4 18. Bxg7 Kxg7 19. Qd1 Rfe8 20. Rb1 a5 21. Nc1 Nxc3 22. Qc2 Nxb1 23. Qxb1 e5 24. Nf3 d4 25. e4 Qc6 26. Kd2 d3 0-1

[Event "Lueneburg op-A"]
[Site "Lueneburg"]
[Date "2016.07.02"]
[Round "2"]
[White "Schulz, Gerhard1111"]
[Black "Schoknecht, Sabine"]
[Result "1-0"]
[WhiteElo "1874"]
[BlackElo "1654"]
[PlyCount "46"]
[EventDate "2016.07.01"]
[EventType "swiss"]
[EventRounds "9"]
[EventCountry "GER"]
[SourceTitle "CBM 173 Extra"]
[Source "ChessBase"]
[SourceDate "2016.08.29"]
[SourceVersion "1"]
[SourceVersionDate "2016.08.29"]
[SourceQuality "1"]

1. d4 d5 2. Nf3 c6 3. e3 Bf5 4. Bd3 Bg6 5. Nbd2 e6 6. Qe2 Nd7 7. e4 dxe4 8. Nxe4 Ngf6 9. Bg5 Be7 10. Nxf6+ Nxf6 11. Bxg6 hxg6 12. 0-0-0 Qd5 13. Kb1 Ne4 14. Bxe7 Kxe7 15. Ne5 Nd6 16. f4 a5 17. g3 a4 18. Rhe1 Ra6 19. c4 Qa5 20. Nxg6+ Kd7 21. Nxh8 Qf5+ 22. Ka1 Qh3 23. c5 Kd8 1-0

[Event "Lueneburg op-A"]
[Site "Lueneburg"]
[Date "2016.07.01"]
[Round "1"]
[White "Schoknecht, Sabine"]
[Black "Doell, Detlef"]
[Result "0-1"]
[WhiteElo "1654"]
[BlackElo "2048"]
[PlyCount "74"]
[EventDate "2016.07.01"]
[EventType "swiss"]
[EventRounds "9"]
[EventCountry "GER"]
[SourceTitle "CBM 173 Extra"]
[Source "ChessBase"]
[SourceDate "2016.08.29"]
[SourceVersion "1"]
[SourceVersionDate "2016.08.29"]
[SourceQuality "1"]

1. d4 Nf6 2. c3 g6 3. Nf3 Bg7 4. Bf4 d6 5. Nbd2 b6 6. h3 Bb7 7. Qc2 Nbd7 8. Bh2 c5 9. e3 0-0 10. Be2 Rc8 11. 0-0 Re8 12. Bb5 a6 13. Bd3 b5 14. Qd1 Qb6 15. Re1 e5 16. dxe5 dxe5 17. Bf1 e4 18. Nh4 c4 19. Be2 Nc5 20. Bxc4 bxc4 21. Nxc4 Qe6 22. Na5 Ba8 23. g4 Nd3 24. Re2 Nxg4 25. hxg4 Qxg4+ 26. Ng2 Be5 27. Nb3 Bxh2+ 28. Kxh2 Ne5 29. Kg1 Nf3+ 30. Kf1 Qh3 31. Re1 Qh1+ 32. Ke2 Qxg2 33. Nd4 Qg4 34. Kf1 Qh3+ 35. Ke2 Qh5 36. Kf1 Re5 37. Nxf3 exf3 0-1

[Event "Arco op 37th"]
[Site "Arco"]
[Date "2015.10.10"]
[Round "1"]
[White "Simeone, Giulio"]
[Black "Schoknecht, Sabine"]
[Result "1-0"]
[WhiteElo "1960"]
[BlackElo "1629"]
[PlyCount "45"]
[EventDate "2015.10.10"]
[EventType "swiss"]
[EventRounds "9"]
[EventCountry "ITA"]
[SourceTitle "CBM 168 Extra"]
[Source "ChessBase"]
[SourceDate "2015.10.29"]
[SourceVersion "1"]
[SourceVersionDate "2015.10.29"]
[SourceQuality "1"]

1. c4 c6 2. e4 e6 3. Nc3 Qc7 4. g3 Nf6 5. Bg2 Be7 6. d4 d6 7. Nf3 Nbd7 8. 0-0 b6 9. e5 dxe5 10. Nxe5 Bb7 11. Bf4 Rd8 12. Nxf7 e5 13. Nxd8 exf4 14. Ne6 Qb8 15. Nxg7+ Kf7 16. Nf5 Bd8 17. d5 c5 18. Re1 Nf8 19. Ne4 N8d7 20. Qe2 Bc7 21. Nxf6 Nxf6 22. Qe7+ Kg6 23. Qg7+ 1-0

[Event "Bad Woerishofen op 31st"]
[Site "Bad Woerishofen"]
[Date "2015.03.04"]
[Round "6"]
[White "Natterer, Winfried"]
[Black "Schoknecht, Sabine"]
[Result "1-0"]
[WhiteElo "1817"]
[BlackElo "1651"]
[PlyCount "55"]
[EventDate "2015.02.27"]
[EventType "swiss"]
[EventRounds "9"]
[EventCountry "GER"]
[SourceTitle "CBM 165 Extra"]
[Source "ChessBase"]
[SourceDate "2015.04.21"]
[SourceVersion "1"]
[SourceVersionDate "2015.04.21"]
[SourceQuality "1"]

1. e4 e5 2. Nf3 d6 3. d4 exd4 4. Nxd4 Be7 5. Bc4 Nf6 6. Nc3 Nbd7 7. 0-0 Ne5 8. Bb3 a6 9. a4 Bd7 10. h3 Qc8 11. Nf3 h6 12. Bf4 Ng6 13. Qd2 Nh5 14. Bh2 Nh4 15. Nxh4 Bxh4 16. Qd5 Nf6 17. Qxf7+ Kd8 18. e5 Ne8 19. exd6 cxd6 20. Ne4 Be7 21. Rad1 Rf8 22. Qg6 Bf5 23. Nxd6 Nxd6 24. Rxd6+ Bd7 25. Rd4 Rf6 26. Qg4 b6 27. Rfd1 Ra7 28. Be6 1-0

[Event "Harburg-chG 9th"]
[Site "Hamburg"]
[Date "2011.08.21"]
[Round "5"]
[White "Schoknecht, Sabine"]
[Black "Kalauch, Jonathan"]
[Result "1-0"]
[WhiteElo "1717"]
[BlackElo "1536"]
[PlyCount "147"]
[EventDate "2011.08.19"]
[EventType "tourn"]
[EventRounds "5"]
[EventCountry "GER"]
[SourceTitle "EXT 2012"]
[Source "ChessBase"]
[SourceDate "2011.11.24"]
[SourceVersion "1"]
[SourceVersionDate "2011.11.24"]
[SourceQuality "1"]

1. d4 Nf6 2. c3 g6 3. Bf4 Bg7 4. e3 0-0 5. Be2 d5 6. Nd2 Bf5 7. Ngf3 Nbd7 8. Ng5 Nb6 9. g4 Bd7 10. h4 h6 11. Nh3 Ne8 12. Bg3 Rc8 13. f4 e6 14. Nf3 f5 15. Ne5 Bxe5 16. dxe5 Bc6 17. Rg1 Nc4 18. Bxc4 dxc4 19. Qe2 Qd3 20. Qxd3 cxd3 21. gxf5 gxf5 22. Kd2 Be4 23. Bf2+ Kh7 24. Rg3 Rg8 25. Rag1 Rxg3 26. Rxg3 Ng7 27. Rg1 c5 28. c4 a5 29. Be1 a4 30. Kd1 b6 31. Kd2 Rg8 32. Kc3 Rd8 33. Bd2 Ra8 34. Nf2 Ne8 35. Nxd3 Bxd3 36. Kxd3 Nc7 37. Rg2 Rg8 38. Rxg8 Kxg8 39. b3 axb3 40. axb3 Kg7 41. Kc3 Kg6 42. Kb2 Kh5 43. Be1 Kg4 44. Kc2 Kf3 45. Kd3 Na6 46. Bd2 Nb8 47. b4 Nd7 48. bxc5 Nxc5+ 49. Kc2 Ne4 50. Kd3 Nxd2 51. Kxd2 Kg4 52. Kc3 Kxh4 53. Kb4 Kg3 54. Kb5 h5 55. Kxb6 h4 56. c5 h3 57. c6 h2 58. c7 h1Q 59. c8Q Qb1+ 60. Kc6 Qe4+ 61. Kd6 Qxe3 62. Qxe6 Qa3+ 63. Kd7 Kxf4 64. Qd5 Qa7+ 65. Ke6 Qa6+ 66. Qd6 Qc8+ 67. Kf7 Qb7+ 68. Kf6 Qb2 69. Qe6 Qc2 70. Qd7 Qe4 71. e6 Qe5+ 72. Kf7 Qh8 73. Qd2+ Ke5 74. Qc3+ 1-0

[Event "Villa Helenenhof op"]
[Site "Bad Schwalbach"]
[Date "2009.10.14"]
[Round "3"]
[White "Sander, Rudi"]
[Black "Schoknecht, Sabine"]
[Result "0-1"]
[WhiteElo "1275"]
[BlackElo "1543"]
[PlyCount "52"]
[EventDate "2009.10.12"]
[EventType "swiss"]
[EventRounds "9"]
[EventCountry "GER"]
[SourceTitle "CBM 132 Extra"]
[Source "ChessBase"]
[SourceDate "2009.11.03"]
[SourceVersion "1"]
[SourceVersionDate "2009.11.03"]
[SourceQuality "1"]

1. d4 d5 2. c4 c6 3. Nf3 Bf5 4. Nc3 e6 5. Bf4 Bd6 6. Bxd6 Qxd6 7. c5 Qc7 8. e3 Nd7 9. Bd3 Bg6 10. 0-0 Ngf6 11. h3 e5 12. Bxg6 hxg6 13. Re1 e4 14. Nh2 Nf8 15. f3 Qg3 16. Ne2 Qc7 17. f4 Nh5 18. Ng4 f6 19. Rf1 Nh7 20. Kh2 g5 21. Ng3 Nxg3 22. Kxg3 gxf4+ 23. Rxf4 g5 24. Nh6 gxf4+ 25. exf4 Qg7+ 26. Ng4 f5 0-1

[Event "Bad Woerishofen op 24th"]
[Site "Bad Woerishofen"]
[Date "2008.03.05"]
[Round "7"]
[White "Gerhards, Walter"]
[Black "Schoknecht, Sabine"]
[Result "1-0"]
[WhiteElo "1842"]
[BlackElo "1513"]
[PlyCount "91"]
[EventDate "2008.02.28"]
[EventType "swiss"]
[EventRounds "9"]
[EventCountry "GER"]
[SourceTitle "EXT 2022"]
[Source "ChessBase"]
[SourceDate "2021.10.06"]
[SourceVersion "1"]
[SourceVersionDate "2021.10.06"]
[SourceQuality "1"]

1. e4 e5 2. Nf3 d6 3. d4 exd4 4. Nxd4 Nf6 5. Nc3 Nbd7 6. Bc4 Nc5 7. 0-0 Be7 8. Re1 0-0 9. b4 Ne6 10. Nf5 a5 11. Nd5 Nxd5 12. exd5 Bf6 13. Rb1 Ng5 14. Nd4 axb4 15. h4 Nh3+ 16. gxh3 Bxh3 17. Rb3 Bd7 18. h5 Re8 19. Rbe3 Re5 20. Rxe5 Bxe5 21. Nf3 Bg4 22. h6 Qf6 23. Be2 Bc3 24. Nh2 Bh3 25. Bd3 Bxe1 26. Qxe1 gxh6 27. Qe4 Qg7+ 28. Kh1 Rf8 29. Qf3 Bd7 30. Nf1 Re8 31. Bd2 Re5 32. Ng3 Bg4 33. Qf4 Rxd5 34. Ne4 Rh5+ 35. Kg2 Bh3+ 36. Kf3 Bg2+ 37. Ke3 Bxe4 38. Bxe4 Re5 39. Kd3 Ra5 40. Bxb4 Rg5 41. Bc3 Qf8 42. Qf6 Qg7 43. Qxg7+ Rxg7 44. Bxg7 Kxg7 45. Bxb7 Kf6 46. a4 1-0

[Event "Kiel op-A 19th"]
[Site "Kiel"]
[Date "2006.07.28"]
[Round "9"]
[White "Schoknecht, Sabine"]
[Black "Reps, Dirk"]
[Result "1/2-1/2"]
[WhiteElo "1730"]
[BlackElo "1837"]
[PlyCount "20"]
[EventDate "2006.07.22"]
[EventType "swiss"]
[EventRounds "9"]
[EventCountry "GER"]
[SourceTitle "CBM 113 Extra"]
[Source "ChessBase"]
[SourceDate "2006.09.14"]
[SourceVersion "1"]
[SourceVersionDate "2006.09.14"]
[SourceQuality "1"]

1. d4 Nf6 2. g3 g6 3. Bg2 Bg7 4. c3 d6 5. Nf3 c6 6. Bf4 Nd5 7. e3 Nxf4 8. exf4 Bd7 9. Nbd2 Qc8 10. Qb3 0-0 1/2-1/2

[Event "Kiel op-A 19th"]
[Site "Kiel"]
[Date "2006.07.22"]
[Round "1"]
[White "Marxen, Peter"]
[Black "Schoknecht, Sabine"]
[Result "1-0"]
[WhiteElo "2176"]
[BlackElo "1730"]
[PlyCount "47"]
[EventDate "2006.07.22"]
[EventType "swiss"]
[EventRounds "9"]
[EventCountry "GER"]
[SourceTitle "CBM 113 Extra"]
[Source "ChessBase"]
[SourceDate "2006.09.14"]
[SourceVersion "1"]
[SourceVersionDate "2006.09.14"]
[SourceQuality "1"]

1. e4 e5 2. Nf3 d6 3. Bc4 h6 4. 0-0 Nf6 5. Re1 Nbd7 6. c3 b6 7. d4 Bb7 8. Nbd2 Qe7 9. a4 g5 10. dxe5 dxe5 11. a5 g4 12. Nh4 Nc5 13. Nf5 Qd7 14. axb6 cxb6 15. Qe2 Bc6 16. Ne3 Bg7 17. Rd1 Qb7 18. Nxg4 Nfxe4 19. Nxe4 Nxe4 20. f3 h5 21. Ne3 Nf6 22. Nf5 Kf8 23. Nxg7 Kxg7 24. Qxe5 1-0